000 00338 a2200133 4500
040 _aDLC
_bDLC
082 _a891.4391
100 _aMustafa Zaidi
245 _aRoshni
_cMustafa Zaidi
260 _a Lahore:
_bAlhamad publications,
_c1998.
300 _a 111 p. ;
_c22 cm.
650 _aUrdu Literature--Poetry
942 _cBK
_k891.4391 MUS
_2ddc
999 _c5190
_d5190